000 00526nam a2200181Ia 4500
008 090124s9999 xx 000 0 und d
082 _b25636
_a1530
100 _aजाधव रा. ग.
245 _a चंदेरी चित्रहार
250 _a1
260 _c1988
300 _a72
600 _aजाधव रा. ग.
630 _a चंदेरी चित्रहार
700 _aजाधव रा. ग.
730 _a चंदेरी चित्रहार
942 _cBOOK
999 _c139142
_d139142